[Event "Kiel op-B 27th"]
[Site "Kiel"]
[Date "2014.08.07"]
[Round "8"]
[White "Slesicki, Andreas"]
[Black "Schmidt, Niko"]
[Result "1/2-1/2"]
[WhiteElo "1623"]
[BlackElo "1811"]
[PlyCount "48"]
[EventDate "2014.08.02"]
[EventType "swiss"]
[EventRounds "9"]
[EventCountry "GER"]
[SourceTitle "CBM 161 Extra"]
[Source "ChessBase"]
[SourceDate "2014.08.29"]
[SourceVersion "1"]
[SourceVersionDate "2014.08.29"]
[SourceQuality "1"]

1. c4 e5 2. Nc3 Nf6 3. g3 Nc6 4. Bg2 Bc5 5. d3 0-0 6. Nf3 Re8 7. 0-0 d5 8. cxd5 Nxd5 9. Bd2 Be6 10. Ne4 Be7 11. Rc1 Nf6 12. Nc5 Bxc5 13. Rxc5 Bxa2 14. b3 e4 15. dxe4 Nxe4 16. Rc1 Qd5 17. Ng5 Qxd2 18. Nxe4 Qxd1 19. Rfxd1 Bxb3 20. Rd7 Rac8 21. Nc5 Be6 22. Nxe6 Rxe6 23. Rb1 Ne5 24. Bxb7 Rb6 1/2-1/2

[Event "Kiel op-B 27th"]
[Site "Kiel"]
[Date "2014.08.06"]
[Round "7"]
[White "Schumacher, Horst"]
[Black "Slesicki, Andreas"]
[Result "0-1"]
[WhiteElo "1809"]
[BlackElo "1623"]
[PlyCount "56"]
[EventDate "2014.08.02"]
[EventType "swiss"]
[EventRounds "9"]
[EventCountry "GER"]
[SourceTitle "CBM 161 Extra"]
[Source "ChessBase"]
[SourceDate "2014.08.29"]
[SourceVersion "1"]
[SourceVersionDate "2014.08.29"]
[SourceQuality "1"]

1. e4 c5 2. d4 cxd4 3. c3 dxc3 4. Nxc3 d6 5. Nf3 Nc6 6. Bc4 Nf6 7. 0-0 Bg4 8. Qb3 Be6 9. Bxe6 fxe6 10. Qxe6 Qd7 11. Qxd7+ Nxd7 12. Be3 Nc5 13. Rfd1 g6 14. Rac1 Bg7 15. Bxc5 dxc5 16. Nd5 Rb8 17. Nc7+ Kf7 18. Ng5+ Kg8 19. Rxc5 Bxb2 20. Rb1 Rc8 21. Nce6 h6 22. Rxb2 hxg5 23. Rxb7 Kf7 24. Nxg5+ Kf6 25. f4 Rhd8 26. e5+ Kf5 27. e6+ Kxf4 28. Rb4+ Nxb4 0-1